000 00426nam a2200169Ia 4500
008 240830s1934 xx 000 0 und d
041 _amar
082 _a1
100 _aKIJAWADEKAR
245 _aSUBHNTPRKARAN (MARATHI LAGHUSHIDHANT SANSKRIT-2
250 _a1
260 _aSANGAI
_bN.D.
_c1934
300 _a100p
440 _vII
906 _aSUBHNTPRKARAN (MARATHI LAGHUSHIDHANT SANSKRIT-2
999 _c1183958
_d1183958